000 00490nam a2200181Ia 4500
008 240925s9999 xx 000 0 und d
020 _a9788126154234
082 _a621.38028 SIN
100 _aSingh, Dhirendra
245 0 _aRadio and Television Repairing Coursebook
250 _a1st
260 _aNew Delhi:
_bAnmol Publications
_c,2013.
300 _axv,958p.
_bN.A
_fOriginal
500 _aIncludes Index
600 _aElectrical Engineering
650 _aTechnology
942 _cBK
999 _c12209
_d12209